[Event "St Chely d'Aubrac op 10th"]
[Site "St Chely d'Aubrac"]
[Date "2010.07.12"]
[Round "4"]
[White "Faraill, Sebastien"]
[Black "Barnicol, Georges"]
[Result "1-0"]
[WhiteElo "1516"]
[BlackElo "1320"]
[PlyCount "79"]
[EventDate "2010.07.10"]
[EventType "swiss"]
[EventRounds "9"]
[EventCountry "FRA"]
[SourceTitle "CBM 137 Extra"]
[Source "ChessBase"]
[SourceDate "2010.09.01"]
[SourceVersion "1"]
[SourceVersionDate "2010.09.01"]
[SourceQuality "1"]

1. c4 e5 2. g3 Nf6 3. Nc3 Bb4 4. Nd5 Nxd5 5. cxd5 0-0 6. a3 Be7 7. e4 d6 8. Bg2 Nd7 9. Ne2 Nf6 10. Qc2 Bd7 11. 0-0 Rc8 12. Nc3 a6 13. d3 Bg4 14. h3 Bd7 15. f4 exf4 16. Rxf4 Rb8 17. Qe2 Qc8 18. g4 Re8 19. g5 Nxd5 20. Nxd5 Bxg5 21. Rf3 Bxc1 22. Rxc1 c6 23. Nb6 Qc7 24. Nxd7 Qxd7 25. Rcf1 d5 26. Rxf7 Qc8 27. Qg4 Qxg4 28. hxg4 Rf8 29. Rxf8+ Rxf8 30. Rxf8+ Kxf8 31. exd5 cxd5 32. Bxd5 b6 33. Kf2 Ke7 34. Ke3 g5 35. Ke4 Kf6 36. Bc6 Ke6 37. d4 Kd6 38. d5 a5 39. Kf5 h6 40. a4 1-0

[Event "St Chely d'Aubrac op 10th"]
[Site "St Chely d'Aubrac"]
[Date "2010.07.11"]
[Round "2"]
[White "Faraill, Sebastien"]
[Black "Balducchi, Francois"]
[Result "0-1"]
[WhiteElo "1516"]
[BlackElo "1721"]
[PlyCount "60"]
[EventDate "2010.07.10"]
[EventType "swiss"]
[EventRounds "9"]
[EventCountry "FRA"]
[SourceTitle "CBM 137 Extra"]
[Source "ChessBase"]
[SourceDate "2010.09.01"]
[SourceVersion "1"]
[SourceVersionDate "2010.09.01"]
[SourceQuality "1"]

1. c4 e5 2. g3 Nf6 3. Bg2 Bc5 4. e3 Nc6 5. a3 Be7 6. b4 a6 7. Nc3 d6 8. Qc2 g6 9. Nd5 Bf5 10. d3 0-0 11. b5 Na5 12. Nxe7+ Qxe7 13. Bd2 axb5 14. Bxa5 Rxa5 15. Bxb7 bxc4 16. Qxc4 d5 17. Qc3 Rc5 18. Qb3 Rb8 19. Qa4 Bxd3 20. Qa7 Nd7 21. Rd1 Bc4 22. Nf3 Qf6 23. Nd2 Bd3 24. a4 e4 25. h4 Qc3 26. h5 Ra5 27. Qd4 Qxd4 28. exd4 Rxb7 29. hxg6 fxg6 30. f3 Rxa4 0-1

[Event "St Chely d'Aubrac op 10th"]
[Site "St Chely d'Aubrac"]
[Date "2010.07.10"]
[Round "1"]
[White "Batteux, Mickael"]
[Black "Faraill, Sebastien"]
[Result "1-0"]
[WhiteElo "2003"]
[BlackElo "1516"]
[PlyCount "93"]
[EventDate "2010.07.10"]
[EventType "swiss"]
[EventRounds "9"]
[EventCountry "FRA"]
[SourceTitle "CBM 137 Extra"]
[Source "ChessBase"]
[SourceDate "2010.09.01"]
[SourceVersion "1"]
[SourceVersionDate "2010.09.01"]
[SourceQuality "1"]

1. d4 c5 2. d5 f5 3. Nf3 Nf6 4. g3 g6 5. Bg2 d6 6. 0-0 Bg7 7. c4 Na6 8. Nc3 Nc7 9. a4 a5 10. Bd2 0-0 11. Qc1 e5 12. dxe6 Bxe6 13. Nb5 Nxb5 14. axb5 Ne4 15. Ng5 Nxg5 16. Bxg5 Qc7 17. Rd1 Bf6 18. Bxf6 Rxf6 19. Qc3 Kf7 20. b3 Ra7 21. Rd3 b6 22. Rad1 Bd7 23. Bd5+ Be6 24. Bxe6+ Rxe6 25. Qh8 h5 26. Qh7+ Kf6 27. Qxc7 Rxc7 28. Rxd6 Rb7 29. e3 Ke7 30. Rd8 Kf6 31. R1d7 Rxd7 32. Rxd7 Ke5 33. Kf1 Ke4 34. Ke2 Ke5 35. h4 Rd6 36. Re7+ Kf6 37. Re8 Kf7 38. Rb8 Ke7 39. f3 Re6 40. Rb7+ Kf6 41. Rd7 Ke5 42. Rd5+ Kf6 43. Kd3 g5 44. hxg5+ Kxg5 45. e4 Kf6 46. Rxf5+ Kg6 47. Rd5 1-0